Los Simpson : segunda temporada completa = The Simpsons : Season 2 /

Serie televisual animada, ideada por el caricaturista norteamericano Matt Groening y desarrollada después por éste con la colaboración de James L. Brooks y Sam Simon, que presenta un retrato mordaz y afectuoso a la vez de la familia y específicamente, de la familia norteamericana de clase media. La...

Full description

Saved in:
Bibliographic Details
Main Author: Groening, Matt (idea original)
Other Authors: Brooks, James L. (producción ejecutiva) (producción ejecutiva), Groening, Matt (producción ejecutiva) (producción ejecutiva), Simon, Sam (producción ejecutiva) (producción ejecutiva), Silverman, David (realización) (realización), Meyer, George (guión) (guión), Roberts, Brian K. (montaje) (montaje), Barrozo, Don (montaje) (montaje), Elfman, Danny (música) (música), Clausen, Alf (música) (música), Castellaneta, Dan (voz) (voz), Kavner, Julie (voz) (voz), Cartwright, Nancy (voz) (voz), Archer, Wesley (realización) (realización), Kogen, Jay (guión) (guión), Wolodarsky, Wallace (guión) (guión), Reardon, Jim (realización) (realización), Swartzwelder, John (guión) (guión), Kirkland, Mark (realización) (realización), Scovell, Nell (guión) (guión), Jean, Al (guión) (guión), Reiss, Mike (guión) (guión), Simon, Sam (guión) (guión)
Format: Slide
Language:English
Published: EUA : Twentieth Century Fox, c1990-1991
México : Twentieth Century Fox [distribución], 2003, c2003
Series:(Los Simpson. Temporada 2 ; 207, 208, 209, 210, 211, 212)
(The Simpsons. Season 2 ; 207, 208, 209, 210, 211, 212)
Subjects:
Tags: Add Tag
No Tags, Be the first to tag this record!

MARC

LEADER 00000ngm^a2200000^a^4500
001 000183634
005 20250521000000.0
009 20260310102048.056
037 |a Acervo ITESO - Biblioteca 
041 |a ING 
082 |a 302. 2342230973  |b GRO S. 2 V. 207-212 
100 |a Groening, Matt  |e (idea original) 
240 1 5 |a [Los Simpson] 
240 1 5 |a [The Simpsons] 
240 1 5 |a [Los Simpson: segunda temporada completa] 
240 1 5 |a [The Simpsons: Season 2] 
245 1 4 |a Los Simpson :  |b segunda temporada completa = The Simpsons : Season 2 /  |c Idea original de M. Groening ; prod. ejecutiva de J.L. Brooks, M. Groening, S. Simon ; realización de D. Silverman... [et al.]. 
246 2 |a Título en la pantalla: Los Simpson: Bart versus el día de gracias 
246 2 |a Título en la pantalla: Los Simpson: Tomi, Dali y Marge 
246 2 |a Título en la pantalla: Bart es atropellado 
246 2 |a Título en la pantalla: Los Simpson: aviso de muerte 
246 2 |a Título en la pantalla: Los Simpson: los años que vivimos 
264 4 |a EUA :  |b Twentieth Century Fox,  |c c1990-1991 
264 4 |a México :  |b Twentieth Century Fox [distribución],  |c 2003, c2003 
300 |a 1 DVD región 4  |c (23, 23, 23, 23, 23, 23 min.) 
336 |a imagen móvil bidimensional  |b tdi  |2 rdacontenido 
337 |a video  |b v  |2 rdamedio 
338 |a videodisco  |b vd  |2 rdasoporte 
440 5 |a (Los Simpson.  |p Temporada 2 ;  |v 207, 208, 209, 210, 211, 212) 
440 5 |a (The Simpsons.  |p Season 2 ;  |v 207, 208, 209, 210, 211, 212) 
520 |a Serie televisual animada, ideada por el caricaturista norteamericano Matt Groening y desarrollada después por éste con la colaboración de James L. Brooks y Sam Simon, que presenta un retrato mordaz y afectuoso a la vez de la familia y específicamente, de la familia norteamericana de clase media. La serie narra las desventuras y situaciones absurdas de los Simpson, una familia nuclear semidisfucional, típica y heterodoxa al mismo tiempo, que radica en la pequeña localidad de Springfield: el amoroso padre Homero, un hombre de nula capacidad intelectual que trabaja en una planta nuclear, y su pareja Marge, una especie de supermadre en ocasiones autoritaria, pero siempre responsable; el sagaz y cínico Bart, estudiante de cuarto grado que no está interesado en desarrollar su potencial y se enorgullece de ello, y Lisa, su brillante hermana de ocho años de edad que asume su vida con total seriedad; finalmente, Maggie, una bebé que seguido es olvidada y atestigua en silencio su disparatado entorno. Familiares, vecinos, amigos, íconos de la cultura popular norteamericana y la permanente presencia o referencia a los medios de comunicación, que son parodiados continuamente, toman parte en las hilarantes tramas. Un éxito de audiencia y de crítica, tanto en Estados Unidos como en otras naciones, la serie inició sus transmisiones en 1989 y ha recibido durante quince años consecutivas numerosas candidaturas y galardones en las entregas de los premios Emmy, de la Academia Norteamericana de Artes y Ciencias Televisuales. 
520 |a La presente colección de 4 DVD reúne las 22 emisiones de la segunda temporada, cada una de 23 minutos de duración, correspondiente al bienio 1990-1991 y que abarcan los capítulos comprendidos del número 201 al 222. El segundo tomo de la colección contiene los episodios 207-212: Bart contra el día de acción de gracias (también conocido como Bart versus el día de gracias; transmitido el 22 de noviembre de 1990), Bart el temerario (6 de diciembre de 1990), Tom y Daly y Marge (20 de diciembre de 1990), Bart es atropellado por un auto (10 de enero de 1991), Un pez, dos peces, pez globo, pez azul (también conocido como Aviso de muerte, 24 de enero de 1991) y Como éramos antes (también conocido como Los años que vivimos, 31 de enero de 1991). 
546 |a En inglés, con subtítulos opcionales: español, inglés, portugués 
546 |a Doblaje opcional: español, portugués 
649 |a XX 
650 |a Dibujos Animados 
650 |a Parodias 
650 |a Sátira 
650 |a Programas Cómicos 
650 |a Televisión -  |z EUA -  |y 1990-1999 
650 |a Televisión -  |z EUA -  |y Siglo XX 
650 |a Medios Audiovisuales -  |z EUA 
650 |a Medios de Comunicación -  |z EUA 
650 |a Comunicación Visual -  |z EUA 
650 |a Comunicación Masiva -  |z EUA 
650 |a Relaciones Familiares -  |z EUA 
650 |a Familia Nuclear -  |z EUA -  |x Condiciones Sociales y Culturales 
650 |a Familia -  |z EUA -  |x Condiciones Sociales y Culturales 
650 |a Clase Media -  |z EUA -  |x Condiciones Sociales y Culturales 
650 |a Recepción y Apropiación de la Comunicación -  |z EUA 
650 |a Cultura de Masas -  |z EUA -  |x Historia -  |y 1990-1999 
650 |a Cultura de Masas -  |z EUA -  |x Historia -  |y Siglo XX 
650 |a Cultura Popular -  |z EUA -  |x Historia -  |y 1990-1999 
650 |a Cultura Popular -  |z EUA -  |x Historia -  |y Siglo XX 
650 |a Sociedad Postindustrial -  |z EUA 
650 |a EUA -  |x Condiciones Sociales y Culturales 
650 |a Modernidad y Posmodernidad 
650 |a Sociología de la Comunicación 
650 |a Sociología de la Cultura 
740 4 |a Los Simpson :  |b Bart contra el día de acción de gracias = The Simpsons : Bart vs. Thanksgiving /  |c Idea original de M. Groening ; prod. ejecutiva de J.L. Brooks, M. Groening, S. Simon ; realización de D. Silverman. 
740 4 |a Los Simpson :  |b Bart el temerario = The Simpsons : Bart the Daredevil /  |c Idea original de M. Groening ; prod. ejecutiva de J.L. Brooks, M. Groening, S. Simon ; realización de W. Archer. 
740 4 |a Los Simpson :  |b Tom y Daly y Marge = The Simpsons : Itchy and Scratchy and Marge /  |c Idea original de M. Groening ; prod. ejecutiva de J.L. Brooks, M. Groening, S. Simon ; realización de J. Reardon. 
740 4 |a Los Simpson :  |b Bart es atropellado por un auto = The Simpsons : Bart Gets Hit by a Car /  |c Idea original de M. Groening ; prod. ejecutiva de J.L. Brooks, M. Groening, S. Simon ; realización de M. Kirkland. 
740 4 |a Los Simpson :  |b un pez, dos peces, pez globo, pez azul = The Simpsons : One Fish, Two Fish, Blowfish, Blue Fish /  |c Idea original de M. Groening ; prod. ejecutiva de J.L. Brooks, M. Groening, S. Simon ; realización de W. Archer. 
740 4 |a Los Simpson :  |b como éramos antes = The Simpsons : The Way We Was /  |c Idea original de M. Groening ; prod. ejecutiva de J.L. Brooks, M. Groening, S. Simon ; realización de D. Silverman. 
700 |a Brooks, James L.  |e (producción ejecutiva) 
700 |a Groening, Matt  |e (producción ejecutiva) 
700 |a Simon, Sam  |e (producción ejecutiva) 
700 |a Silverman, David  |e (realización) 
700 |a Meyer, George  |e (guión) 
700 |a Roberts, Brian K.  |e (montaje) 
700 |a Barrozo, Don  |e (montaje) 
700 |a Elfman, Danny  |e (música) 
700 |a Clausen, Alf  |e (música) 
700 |a Castellaneta, Dan  |e (voz) 
700 |a Kavner, Julie  |e (voz) 
700 |a Cartwright, Nancy  |e (voz) 
700 |a Archer, Wesley  |e (realización) 
700 |a Kogen, Jay  |e (guión) 
700 |a Wolodarsky, Wallace  |e (guión) 
700 |a Reardon, Jim  |e (realización) 
700 |a Swartzwelder, John  |e (guión) 
700 |a Kirkland, Mark  |e (realización) 
700 |a Scovell, Nell  |e (guión) 
700 |a Jean, Al  |e (guión) 
700 |a Reiss, Mike  |e (guión) 
700 |a Simon, Sam  |e (guión) 
910 |a Fondo General 
920 |a Audiovisuales - DVDs 
905 |a 302 
901 |a 0500088650  |b IT2  |c DVS  |u 20250521 
902 |a https://opac.biblio.iteso.mx/vufind/Record/000183634